Hospital Waste Management (Record no. 153697)

MARC details
000 -LEADER
fixed length control field 00344nam a2200133Ia 4500
008 - FIXED-LENGTH DATA ELEMENTS--GENERAL INFORMATION
fixed length control field 230411s9999 xx 000 0 und d
041 ## - LANGUAGE CODE
Language code of text/sound track or separate title eng
082 ## - DEWEY DECIMAL CLASSIFICATION NUMBER
Classification number AD/363.728/CHA/B02513
100 ## - MAIN ENTRY--PERSONAL NAME
Personal name Chandorkar AG
245 ## - TITLE STATEMENT
Title Hospital Waste Management
260 ## - PUBLICATION, DISTRIBUTION, ETC. (IMPRINT)
Name of publisher, distributor, etc. Paras Publishing
Place of publication, distribution, etc. Hyderabad
Date of publication, distribution, etc. 2003
300 ## - PHYSICAL DESCRIPTION
Extent 152p
Holdings
Withdrawn status Lost status Damaged status Not for loan Collection code Home library Current library Date acquired Vendor Cost, normal purchase price Bill number Total Checkouts Full call number Barcode Date last seen Cost, replacement price Bill Date Koha item type Original Barcode
          Smt. Bakul Tambat Institute of Nursing Education Smt. Bakul Tambat Institute of Nursing Education 15/07/2005 S.K.Kothari,Pune. 95.00 9110   AD 363.728 CHA B02513 BTIN-BK-2513 11/04/2023 71.00 15/07/2005 Books B02513